00478nam a2200193 a 4500001001300000003000900013005001700022008004100039020002300080082001500103100002000118245000900138260004300147300000900190500003500199505001800234650001200252700002000264nice12345678IN_TiNIC20260116014106.0070813s2007 oxfa grp 000 0 eng  a1851683461 c19500a335.4bCOL aCollier, Andrew aMarx aOxford bOne World Publications c2007 a170p aincludes index and biblioraphy2 abiblio, index aMarxism1 aCollier, Andrew